LEADER 01163nam--2200373---450- 001 990002254210203316 005 20090102132815.0 035 $a000225421 035 $aUSA01000225421 035 $a(ALEPH)000225421USA01 035 $a000225421 100 $a20041210d1983----km-y0itay0103----ba 101 0 $aita 102 $aIT 105 $a||||||||001yy 200 1 $a<> sistema informativo obbligatorio delle aziende speciali consorziali$ele aziende consorziali di trasporto$fAntonio Matacena 210 $aBologna$cCLUEB$d1983 215 $a226 p.$d21 cm 300 $aSegue: Appendice legislativa 410 0$12001 454 1$12001 461 1$1001-------$12001 606 0 $aAziende degli enti locali$xBilancio 676 $a352 700 1$aMATACENA,$bAntonio$0460414 801 0$aIT$bsalbc$gISBD 912 $a990002254210203316 951 $a352 MAT 1 (IRA 6 44)$b14890 E.C.$cIRA 6$d00010035 959 $aBK 969 $aECO 979 $aSIAV4$b10$c20041210$lUSA01$h0918 979 $aRSIAV3$b90$c20090102$lUSA01$h1328 996 $aSistema informativo obbligatorio delle aziende speciali consorziali$91034040 997 $aUNISA LEADER 02247nam0 2200481 i 450 001 VAN0104057 005 20220222100738.146 017 70$2N$a978-3-319-11182-7 100 $a20151204d2014 |0itac50 ba 101 $aeng 102 $aCH 105 $a|||| ||||| 200 1 $aComputational diffusion MRI$eMICCAI workshop, Boston, MA, USA, september 2014$fLauren O'Donnell ... [et al.] editors 210 $aCham$cSpringer$d2014 215 $aIX, 219 p.$cill.$d24 cm 410 1$1001VAN0068552$12001 $aMathematics and visualization$1210 $aBerlin [etc.]$cSpringer$d2001- 500 1$3VAN0241123$aComputational diffusion MRI : MICCAI workshop, Boston, MA, USA, september 2014$91409948 606 $a68U10$xComputing methodologies for image processing [MSC 2020]$3VANC019978$2MF 606 $a68T10$xPattern recognition, speech recognition [MSC 2020]$3VANC020788$2MF 606 $a42B35$xFunction spaces arising in harmonic analysis [MSC 2020]$3VANC023518$2MF 606 $a42B10$xFourier and Fourier-Stieltjes transforms and other transforms of Fourier type [MSC 2020]$3VANC030738$2MF 610 $aBrain network analysis$9KW:K 610 $aConnectomics$9KW:K 610 $aDiffusion Magnetic Resonance Imaging$9KW:K 610 $aFiber tractography$9KW:K 610 $aHigh Angular Diffusion Imaging$9KW:K 610 $aMathematical Diffusion Models$9KW:K 610 $aMedical image analysis$9KW:K 610 $aNeuroimaging$9KW:K 610 $aSegmentation$9KW:K 610 $aSignal Reconstruction?$9KW:K 620 $aCH$dCham$3VANL001889 702 1$aO'Donnell$bLauren$3VANV081111 712 12$aMICCAI workshop$f2014$eBoston, USA$3VANV081112 712 $aSpringer $3VANV108073$4650 801 $aIT$bSOL$c20240614$gRICA 856 4 $uhttp://dx.doi.org/10.1007/978-3-319-11182-7$zE-book ? Accesso al full-text attraverso riconoscimento IP di Ateneo, proxy e/o Shibboleth 899 $aBIBLIOTECA CENTRO DI SERVIZIO SBA$2VAN15 912 $fN 912 $aVAN0104057 950 $aBIBLIOTECA CENTRO DI SERVIZIO SBA$d15CONS SBA EBOOK 4486 $e15EB 4486 20191106 996 $aComputational diffusion MRI$91409948 997 $aUNICAMPANIA